00369 a2200109 4500001001000000005001700010008004100027245009000068100002200158773006200180999001700242ART_4497220260410162039.0260409a 10aNotas sobre la evolución de la distribución de las remuneraciones en la Argentina1 aBeccaria, Luis A.0 tEstudios del trabajog- N° 32 (jul./dic. 2006)wREV44896 c34713d34713